|
|
|
|
| LEADER |
00000cam a2200000 7i4500 |
| 001 |
0000005525 |
| 005 |
20050422.0 |
| 020 |
|
|
|a 0471056812
|
| 040 |
|
|
|a INS
|
| 090 |
0 |
0 |
|a HF5718.
|b D45 1979
|
| 100 |
1 |
|
|a De Mare, George
|
| 245 |
1 |
0 |
|a Communicating at the top :
|b What you need to know about communicating to run an organization
|c George de Mare
|
| 260 |
|
|
|a New York :
|b Wiley ,
|c 1979
|
| 300 |
|
|
|a xii, 270p ;
|c 22 cm.
|
| 500 |
|
|
|a Rev. version of the work published in 1967 under title : communicating for leadership
|
| 650 |
0 |
0 |
|a Communication in management
|
| 999 |
|
|
|a 0000000161
|b BOOK
|c Open Shelf
|e Default branch
|